[Event "It (cat.2)"]
[Site "masterchessopen.com Budapest (Hungary)"]
[Round "6"]
[White "Lund Esben (DEN)"]
[Black "Erdelyi Zombor (HUN)"]
[Result "1-0"]
[WhiteElo "2306"]
[BlackElo "2265"]

1.c4 g6 2.d4 Nf6 3.Nc3 Bg7 4.e4 d6 5.Be2 O-O 6.Bg5 h6 7.Be3 e5 8.d5 c6 9.h4 b5
10.dxc6 bxc4 11.Qd2 h5 12.Bxc4 Nxc6 13.Rd1 Qa5 14.f3 Qb4 15.b3 Bb7 16.Nge2
Rfd8 17.O-O Ne7 18.a3 Qa5 19.Nd5 Qxd2 20.Nxe7+ Kf8 21.Nxg6+ fxg6 22.Rxd2 Ke7
23.Nc3 a6 24.Rfd1 Rac8 25.Bg5 Rd7 26.a4 Rc5 27.Nd5+ Bxd5 28.Rxd5 a5 29.Rxc5
dxc5 30.Rxd7+ Kxd7 31.Bd2 {#r} 1-0

[Event "It (open)"]
[Site "masterchessopen.com Burgos (Spain)"]
[Round "2"]
[White "Fernandez Saavedra Jose Luis (ESP)"]
[Black "Lagoa Labrador Breixo (ESP)"]
[Result "1-0"]
[WhiteElo "2145"]
[BlackElo "1975"]

1.d4 Nf6 2.c4 g6 3.Nc3 Bg7 4.e4 d6 5.Be2 O-O 6.Bg5 h6 7.Be3 e5 8.d5 Bd7 9.f3
Nh5 10.Qd2 Kh7 11.Bd1 f5 12.Nge2 f4 13.Bf2 Qe8 14.Nc1 g5 15.Nb3 Nf6 16.c5 g4
17.cxd6 cxd6 18.Na5 b6 19.Nc4 Qe7 20.a4 Rc8 21.Be2 gxf3 22.gxf3 Ne8 23.b4 Bf8
24.b5 Qd8 25.a5 bxa5 26.Nxa5 Qc7 27.Nc6 Bxc6 28.dxc6 Nxc6 29.bxc6 Qxc6 30.Nd5
Rcb8 31.O-O Rb7 32.Rfc1 Qd7 33.Kh1 Qh3 34.Rg1 Rab8 35.Rxa7 Rxa7 36.Bxa7 Rb7
37.Bf2 Rg7 38.Qd1 Rxg1+ {#r} 1-0

[Event "It"]
[Site "masterchessopen.com Charleroi (Belgium)"]
[Round "8"]
[White "Laurent Bruno (BEL)"]
[Black "Lanneau Bertrand (BEL)"]
[Result "1-0"]
[WhiteElo "2317"]
[BlackElo "2172"]

1.d4 d6 2.c4 g6 3.Nc3 Nf6 4.e4 Bg7 5.Be2 O-O 6.Bg5 h6 7.Be3 e5 8.d5 Ne8 9.Qd2
Kh7 10.g4 f5 11.gxf5 gxf5 12.exf5 Bxf5 13.O-O-O Nd7 14.Bd3 Bxd3 15.Qxd3+ Kh8
16.Nge2 Nef6 17.Rhg1 Qe8 18.Qd2 Kh7 19.Rxg7+ Kxg7 20.Bxh6+ Kf7 21.Bxf8 Qxf8
22.Rg1 {#r} 1-0

[Event "It (open)"]
[Site "masterchessopen.com Dresden (Germany)"]
[Round "6"]
[White "Neyman Igor (GER)"]
[Black "Fischer Gerd (GER)"]
[Result "1-0"]
[WhiteElo "2238"]
[BlackElo "2123"]

1.d4 Nf6 2.c4 g6 3.Nc3 Bg7 4.e4 O-O 5.Be2 d6 6.Bg5 h6 7.Be3 e5 8.d5 c6 9.f3
cxd5 10.cxd5 Ne8 11.Qd2 Kh7 12.g4 f5 13.h3 f4 14.Bf2 g5 15.h4 Kg6 16.h5+ Kf6
17.Bd1 Nd7 18.Nge2 a6 19.a4 b6 20.Nc1 a5 21.Be2 Nc5 22.O-O Rf7 23.Bb5 Ba6
24.Bxa6 Rxa6 25.Ra3 Bf8 26.Nd3 Qb8 27.Rb1 Rb7 28.b4 Nxd3 29.Qxd3 Nc7 30.Rab3
axb4 31.Rxb4 Be7 32.Kf1 Bd8 33.Nb5 Nxb5 34.Qxb5 Qa7 35.Qe8 Bc7 36.Qe6+ Kg7
37.Qg6+ Kf8 38.Qxh6+ Ke8 {#r} 1-0

[Event "It (open)"]
[Site "masterchessopen.com Dresden (Germany)"]
[Round "2"]
[White "Neyman Igor (GER)"]
[Black "Uhlmann Wolfgang (GER)"]
[Result "0-1"]
[WhiteElo "2238"]
[BlackElo "2446"]

1.d4 Nf6 2.c4 g6 3.Nc3 Bg7 4.e4 O-O 5.Be2 d6 6.Bg5 h6 7.Be3 e5 8.d5 c6 9.h4
cxd5 10.cxd5 h5 11.f3 a6 12.Bd3 Nbd7 13.Nge2 Ne8 14.b4 f5 15.Qd2 a5 16.Rb1
axb4 17.Rxb4 Nc5 18.Bb1 Qa5 19.Rb5 Qc7 20.exf5 gxf5 21.Ng3 Bd7 22.Rb2 e4
23.Nge2 Ra3 24.Bd4 Nd3+ 25.Bxd3 Bxd4 26.Nxd4 e3 27.Qxe3 Qxc3+ 28.Rd2 Rxa2
29.Nc2 Ng7 30.Kf2 Re8 31.Qf4 Ra4 32.Qg5 Qc5+ 33.Kg3 Qxd5 34.Rhd1 Qe5+ 35.Kh3
Qc3 36.Bf1 Rg4 37.Rd3 Qe5 38.f4 Qc5 39.Qf6 Qg1 {#R} 0-1

[Event "Ch Argentina (juniors) (under 18)"]
[Site "masterchessopen.com Esperanza (Argentina)"]
[Round "6"]
[White "Palmero Pablo (ARG)"]
[Black "Ovejero Juan Manuel (ARG)"]
[Result "0-1"]
[WhiteElo "2153"]
[BlackElo "2265"]

1.d4 Nf6 2.c4 g6 3.Nc3 Bg7 4.e4 d6 5.Be2 O-O 6.Bg5 h6 7.Bf4 Nc6 8.d5 e5 9.Be3
Nd4 10.h4 c5 11.h5 g5 12.f3 Rb8 13.g4 Ne8 14.Nh3 f6 15.a3 a6 16.b4 b5 17.cxb5
axb5 18.Bxd4 exd4 19.Nxb5 f5 20.Rb1 fxe4 21.fxe4 d3 22.Qxd3 c4 23.Qxc4 Ba6
24.a4 Bxb5 25.axb5 Rc8 26.Qa2 Qb6 27.Rf1 Bc3+ 28.Kd1 Qd4+ 29.Kc2 Bxb4+ 30.Kb3
Qc3+ {#R} 0-1

[Event "Ch France (team) (2) 2001/02"]
[Site "masterchessopen.com France"]
[Round "6"]
[White "Martinez Jean-Philippe (FRA)"]
[Black "Lebrun Xavier (FRA)"]
[Result "0-1"]
[WhiteElo "2033"]
[BlackElo "2188"]

1.c4 Nf6 2.Nc3 g6 3.e4 d6 4.d4 Bg7 5.Be2 O-O 6.Bg5 h6 7.Be3 e5 8.d5 Nbd7 9.f3
a5 10.Nh3 Nc5 11.Nf2 Bd7 12.g4 h5 13.h3 a4 14.Qd2 c6 15.Bg5 Qb6 16.Be3 cxd5
17.cxd5 Rfc8 18.O-O hxg4 19.hxg4 Nh7 20.Nd3 f5 21.gxf5 gxf5 22.exf5 Kh8 23.Ne4
Bxf5 24.Rac1 Rg8 25.Rf2 Bh6+ 26.Kh1 Nxe4 {#R} 0-1

[Event "Ch World (juniors) (under 20) (g)"]
[Site "masterchessopen.com Goa (India)"]
[Round "8"]
[White "Santana Iara Nunes (BRA)"]
[Black "Soumya Swaminathan (IND)"]
[Result "0-1"]
[WhiteElo "2076"]
[BlackElo "2086"]

1.d4 Nf6 2.c4 g6 3.Nc3 Bg7 4.e4 d6 5.Be2 O-O 6.Bg5 h6 7.Bf4 c5 8.d5 Ne8 9.Qd2
Kh7 10.Nf3 f5 11.Bd3 g5 12.exf5 Bxc3 13.bxc3 gxf4 14.Qxf4 Nf6 15.g4 Nbd7 16.g5
Ne5 17.Nxe5 dxe5 18.Qh4 Ng8 19.f6+ Kh8 20.Rg1 exf6 21.g6 Kg7 22.Qe4 Qd6 23.Rb1
b6 24.Kd2 f5 25.Qg2 e4 26.Be2 Bd7 27.h4 Rae8 28.h5 f4 29.Qh2 Qe5 30.Rbe1 Ba4
31.Qh4 e3+ 32.fxe3 fxe3+ 33.Kc1 Qxc3+ 34.Kb1 Bc2+ {#R} 0-1

[Event "It (open)"]
[Site "masterchessopen.com Guben (Germany)"]
[Round "2"]
[White "Mahling Thomas (GER)"]
[Black "Neumann Andreas (GER)"]
[Result "1-0"]
[WhiteElo "2147"]
[BlackElo "2210"]

1.d4 g6 2.c4 Bg7 3.Nc3 Nf6 4.e4 d6 5.Be2 O-O 6.Bg5 h6 7.Be3 e5 8.d5 a5 9.f3
Na6 10.Qd2 Kh7 11.h4 Ng8 12.g4 Qe7 13.O-O-O c6 14.dxc6 bxc6 15.Qxd6 c5 16.Qxe7
Nxe7 17.Na4 Nc6 18.Nxc5 Nd4 19.Nxa6 Bxa6 20.Bxd4 exd4 21.b3 Rfd8 22.Kc2 Rab8
23.Bd3 Rb7 24.Ne2 a4 25.Rb1 axb3+ 26.axb3 Rc7 27.h5 g5 28.Ra1 Bb5 29.Ra5 Bc6
30.Rha1 Rdd7 31.Ng3 Bf8 32.Nf5 Bb7 33.Rb5 Rc5 34.Rb6 Rc6 35.Rxc6 Bxc6 36.Ra6
Bb7 37.Rb6 Bg7 38.Nd6 {#r} 1-0

[Event "Cup European Club (final)"]
[Site "masterchessopen.com Halkidiki (Greece)"]
[Round "5"]
[White "Trevelyan John (WLS)"]
[Black "Kantsler Boris (ISR)"]
[Result "0-1"]
[WhiteElo "2191"]
[BlackElo "2491"]

1.e4 g6 2.d4 Bg7 3.c4 d6 4.Nc3 Nf6 5.Be2 O-O 6.Bg5 h6 7.Be3 e5 8.dxe5 dxe5
9.Qxd8 Rxd8 10.Nd5 Nxd5 11.cxd5 c6 12.Bc4 b5 13.Bb3 Bb7 14.dxc6 Nxc6 15.Bd5
Rxd5 16.exd5 Nb4 17.Rd1 Bxd5 18.Nf3 e4 19.Nd4 Nd3+ 20.Rxd3 exd3 21.O-O Bxa2
22.Nxb5 Bxb2 23.Nxa7 Bc4 24.Rd1 Bc3 {#R} 0-1

[Event "Ch World (juniors) (under 18) (g)"]
[Site "masterchessopen.com Heraklio (Greece)"]
[Round "11"]
[White "Charbonneau Anne Marie (CAN)"]
[Black "Igla Bella (ISR)"]
[Result "0-1"]
[WhiteElo "2052"]
[BlackElo "2150"]

1.d4 Nf6 2.c4 g6 3.Nc3 Bg7 4.e4 d6 5.Be2 O-O 6.Bg5 h6 7.Be3 e5 8.d5 Na6 9.h4
Nc5 10.f3 Nh5 11.Bf2 a5 12.g3 Qe7 13.Na4 Nxa4 14.Qxa4 f5 15.Bd3 Nf6 16.exf5
gxf5 17.O-O-O Bd7 18.Qc2 e4 19.Qe2 Rfe8 20.Re1 Qf7 21.Bc2 c6 22.dxc6 bxc6
23.Bd4 Be6 24.b3 c5 25.Bb2 d5 26.fxe4 dxc4 27.Qf3 cxb3 28.axb3 fxe4 29.Qc3 c4
30.b4 axb4 31.Qxb4 Reb8 32.Qd2 Rxb2 33.Kxb2 Qb7+ 34.Kc1 Ra1+ {#R} 0-1

[Event "It (open)"]
[Site "masterchessopen.com Kiel (Germany)"]
[Round "1"]
[White "Levin Felix (GER)"]
[Black "Anders Soenke (GER)"]
[Result "1-0"]
[WhiteElo "2523"]
[BlackElo "1946"]

1.d4 g6 2.c4 Bg7 3.e4 d6 4.Nc3 Nf6 5.Be2 O-O 6.Bg5 h6 7.Be3 e5 8.d5 c6 9.Qd2
Kh7 10.h4 cxd5 11.cxd5 b6 12.h5 g5 13.f3 Ba6 14.g4 Bxe2 15.Ngxe2 Ng8 16.Kf2
Na6 17.Rab1 f6 18.b4 Rf7 19.Rhc1 Qd7 20.Qd3 Nc7 21.a4 Ne7 22.Ng3 Nc8 23.Qc4 b5
24.Nxb5 Nxb5 25.axb5 Rb8 26.Qc6 Nb6 27.Nf5 Bf8 28.Qxd7 Rxd7 29.Rc6 Nc8 30.Rbc1
Ne7 31.Rc7 Rb7 32.Rxd7 Rxd7 33.Nxe7 Bxe7 34.Ra1 {#r} 1-0

[Event "It \"]
[Site "masterchessopen.com Moscow (Russia)"]
[Round "7"]
[White "Dzagnidze Nana (GEO)"]
[Black "Akatova Ekaterina (RUS)"]
[Result "1-0"]
[WhiteElo "2356"]
[BlackElo "2144"]

1.d4 Nf6 2.c4 g6 3.Nc3 Bg7 4.e4 d6 5.Be2 O-O 6.Bg5 h6 7.Be3 e5 8.d5 Nbd7 9.f3
a6 10.g4 Rb8 11.h4 h5 12.Nh3 c6 13.Nf2 cxd5 14.Nxd5 Nxd5 15.Qxd5 Nf6 16.Qd2
Qc7 17.Rd1 Rd8 18.Bg5 Kh7 19.gxh5 gxh5 20.f4 exf4 21.e5 dxe5 22.Qxd8 Qxd8
23.Rxd8 {#r} 1-0

[Event "It (open) (b)"]
[Site "masterchessopen.com Voronezh (Russia)"]
[Round "7"]
[White "Prokuronov Eduard (RUS)"]
[Black "Provkin Vladimir (RUS)"]
[Result "0-1"]
[WhiteElo "2105"]
[BlackElo "2251"]

1.d4 Nf6 2.c4 g6 3.Nc3 Bg7 4.e4 d6 5.Be2 O-O 6.Bg5 h6 7.Be3 c5 8.dxc5 Qa5
9.Bd2 Qxc5 10.h3 a6 11.Rc1 Nc6 12.Nf3 Ne5 13.b3 b6 14.Be3 Qc7 15.Nxe5 dxe5
16.O-O e6 17.Qc2 Nd7 18.f3 Bb7 19.b4 Rfd8 20.Rfd1 Nf8 21.Bf1 Bc6 22.Qf2 Nd7
23.b5 Bb7 24.Na4 f5 25.Nxb6 f4 26.Nxa8 Rxa8 27.Rxd7 Qxd7 28.Bc5 Rc8 29.Ba3 Bf6
30.Rc2 Qc7 31.Rd2 Qa5 32.Bb2 Be7 33.Bxe5 Bc5 34.Bd4 Qxd2 35.Qxd2 Rd8 36.Qxf4
Rxd4 37.Qb8+ Rd8+ 38.Kh1 Rxb8 {#R} 0-1

[Event "It (open)"]
[Site "masterchessopen.com Villa Ballester (Argentina)"]
[Date "2002.01.11"]
[Round "7"]
[White "Lallee Cristian (ARG)"]
[Black "Carraro Diego (ARG)"]
[Result "1-0"]
[WhiteElo "2099"]
[BlackElo "2127"]

1.d4 Nf6 2.c4 g6 3.Nc3 Bg7 4.e4 d6 5.Be2 O-O 6.Bg5 h6 7.Be3 e5 8.d5 a5 9.g4
Na6 10.h4 Nc5 11.Bf3 Ne8 12.Qd2 f5 13.gxf5 gxf5 14.Bxh6 Bxh6 15.Qxh6 Qf6
16.Qe3 fxe4 17.Nxe4 Nxe4 18.Bxe4 Bf5 19.Bxf5 Qxf5 20.Ne2 Nf6 21.Rg1+ Kh7
22.Rg5 Qe4 23.Rh5+ Kg7 24.Qg5+ Kf7 25.Rh6 Qh1+ 26.Kd2 Qf3 27.Qg6+ Ke7 28.Rg1
Rg8 29.Rh7+ Nxh7 30.Qe6+ Kd8 31.Rxg8+ Nf8 32.h5 e4 33.Ke1 Qh1+ 34.Ng1 Qxg1+
35.Ke2 Qg7 36.Rxg7 Nxe6 37.dxe6 {#r} 1-0

[Event "It (open)"]
[Site "masterchessopen.com Greece"]
[Round "3"]
[White "Mitchell Martin (SCO)"]
[Black "Spencer Edwin (SCO)"]
[Result "1-0"]
[WhiteElo "2132"]
[BlackElo "2197"]

1.d4 Nf6 2.c4 g6 3.Nc3 Bg7 4.e4 d6 5.Be2 O-O 6.Bg5 h6 7.Bh4 Na6 8.Nf3 e5
9.dxe5 dxe5 10.Nxe5 Qxd1+ 11.Rxd1 Nxe4 12.Nxe4 Bxe5 13.Be7 Bxb2 14.Bxf8 Kxf8
15.O-O f5 16.Ng3 Nc5 17.Bf3 Be6 18.Bd5 Rb8 19.Bxe6 Nxe6 20.Rd7 c6 21.Rfd1 a6
22.R1d6 Ke8 23.Rh7 Nf8 24.Rxh6 Ke7 25.Rd2 Bc1 26.Re2+ Kd6 27.Rh8 b5 28.cxb5
axb5 29.h4 Kd5 30.h5 gxh5 31.Nxf5 Nd7 32.Rxh5 Nf6 33.Ne7+ Kd6 34.Rf5 Nd7
35.Nxc6 {#r} 1-0

[Event "It (festival)"]
[Site "masterchessopen.com Torino (Italy)"]
[Round "3"]
[White "De Santis Alessio (ITA)"]
[Black "Trotto Pierangelo (ITA)"]
[Result "1-0"]
[WhiteElo "2267"]
[BlackElo "1904"]

1.d4 Nf6 2.c4 g6 3.Nc3 Bg7 4.e4 O-O 5.Be2 d6 6.Bg5 h6 7.Be3 c6 8.Qd2 Kh7 9.f3
e5 10.d5 c5 11.g4 Ng8 12.h4 Na6 13.O-O-O Nc7 14.Nh3 a6 15.Ng5+ Kh8 16.h5 f5
17.hxg6 f4 18.Nf7+ Rxf7 19.gxf7 Ne7 20.Bxf4 exf4 21.Qxf4 Kh7 22.Rxh6+ {#r} 1-0

[Event "Ch World (seniors)"]
[Site "masterchessopen.com Naumburg (Germany)"]
[Date "2002.10.21"]
[Round "1"]
[White "Jugow Alexander (GER)"]
[Black "Franz Siegfried"]
[Result "1-0"]
[WhiteElo "2266"]
[BlackElo "1794"]

1.d4 Nf6 2.c4 g6 3.Nc3 Bg7 4.e4 d6 5.Be2 O-O 6.Bg5 h6 7.Be3 Nbd7 8.Qd2 Kh7
9.f3 e5 10.d5 a6 11.a4 Rh8 12.h4 Kg8 13.Bd3 Nc5 14.Bc2 Bd7 15.b4 Ne6 16.dxe6
Bxe6 17.Nd5 Qd7 18.Ne2 Rd8 19.O-O-O Ne8 20.h5 g5 21.Ng3 Kf8 22.Qc3 Qc8 23.Rd2
b6 24.Rhd1 Qb8 25.Bb3 Rd7 26.c5 Kg8 27.Kb1 bxc5 28.bxc5 Kh7 29.Rb2 Qd8 30.c6
{#r} 1-0

[Event "Ch World (seniors)"]
[Site "masterchessopen.com Naumburg (Germany)"]
[Date "2002.10.25"]
[Round "5"]
[White "Rychlik Kurt (GER)"]
[Black "Rost Wolfgang Dr (GER)"]
[Result "1-0"]
[WhiteElo "2058"]
[BlackElo "1841"]

1.d4 Nf6 2.c4 g6 3.Nc3 Bg7 4.e4 d6 5.Be2 O-O 6.Bg5 h6 7.Be3 e5 8.d5 a5 9.g4
Na6 10.h4 Kh7 11.g5 Nh5 12.Bxh5 gxh5 13.Qxh5 Nc5 14.O-O-O f5 15.g6+ Kg8
16.Bxh6 Bxh6+ 17.Qxh6 Qe7 18.f3 fxe4 19.Nxe4 Nxe4 20.fxe4 Bg4 21.Re1 Qg7
22.Qg5 Rf4 23.Nh3 Bxh3 24.Rxh3 Qf6 25.Qg3 Kg7 26.h5 Rh8 27.Rh2 Rh6 28.Qh3 Qg5
29.Kc2 Rxh5 30.Qxh5 Rf2+ 31.Kb1 Qd2 32.Qh7+ {#r} 1-0

[Event "Olympiad (under 16)"]
[Site "masterchessopen.com Denizli (Turkey)"]
[Round "8"]
[White "Nasri Amin (IRI)"]
[Black "Topel Zehra (TUR)"]
[Result "1-0"]
[WhiteElo "2212"]
[BlackElo "2062"]

1.d4 Nf6 2.c4 g6 3.Nc3 Bg7 4.e4 d6 5.Be2 O-O 6.Bg5 h6 7.Be3 e5 8.d5 Nbd7 9.h4
Nc5 10.Qc2 c6 11.h5 g5 12.f3 a6 13.g4 Rb8 14.Nh3 Nh7 15.Nf2 Qc7 16.O-O Nf6
17.Rfc1 Ncd7 18.b4 c5 19.a3 b6 20.Qd2 Nh7 21.Nd3 Ndf6 22.a4 Nd7 23.a5 cxb4
24.Nxb4 Nc5 25.axb6 Qxb6 26.Nc6 Ra8 27.Na4 Qc7 28.Nxc5 dxc5 29.Bxc5 Re8 30.Qe3
Nf6 31.Bb6 Qd7 32.Rd1 Kh7 33.c5 Bf8 34.Na5 Nxh5 35.c6 {#r} 1-0

[Event "Ch Vietnam (w)"]
[Site "masterchessopen.com Dong Thap (Vietnam)"]
[Round "4"]
[White "Nguyen Thi Thanh An (VIE)"]
[Black "Hoang Thi Ut (VIE)"]
[Result "1-0"]
[WhiteElo "2345"]
[BlackElo "2238"]

1.d4 Nf6 2.c4 g6 3.Nc3 Bg7 4.e4 d6 5.Be2 O-O 6.Bg5 h6 7.Bf4 c5 8.d5 Na6 9.Qd2
Kh7 10.h3 Bd7 11.Nf3 Nc7 12.a4 Na6 13.O-O Nb4 14.Bh2 Ne8 15.e5 Bf5 16.g4 Bc8
17.Ra3 f5 18.e6 fxg4 19.hxg4 Nc7 20.Ne4 b6 21.Nfg5+ hxg5 22.Qxg5 Qe8 23.Rh3+
Kg8 24.Qh4 Rf6 25.Nxf6+ Bxf6 26.Qh7+ Kf8 27.Rf3 Bxe6 28.Rxf6+ {#r} 1-0

[Event "Landesliga 2003/04"]
[Site "masterchessopen.com Germany"]
[Round "4"]
[White "Beerbaum Dirk (GER)"]
[Black "Blanck Michael (GER)"]
[Result "1-0"]
[WhiteElo "2098"]
[BlackElo "2070"]

1.d4 Nf6 2.c4 g6 3.Nc3 Bg7 4.e4 d6 5.Be2 O-O 6.Bg5 h6 7.Be3 Nbd7 8.Qd2 Kh7
9.f3 e5 10.d5 a5 11.Bd1 Ne8 12.Bc2 Nb6 13.b3 f5 14.Nge2 f4 15.Bf2 Qg5 16.Rg1
a4 17.O-O-O axb3 18.axb3 Qe7 19.Kb2 Bd7 20.Nc1 Nc8 21.Nd3 c5 22.dxc6 bxc6
23.Nc5 Nb6 24.N3a4 Nxa4+ 25.Nxa4 Be6 26.Qb4 Rf7 27.Rd2 Qb7 28.Qxb7 Rxb7 29.Kc1
c5 30.Rdd1 Bf8 31.Nc3 Nc7 32.Kd2 Rba7 33.g3 Be7 34.gxf4 exf4 35.e5 Bf5 36.Bxf5
gxf5 37.exd6 Bxd6 38.Kc2 Ne8 39.Na4 Rc7 40.Rd5 {#r} 1-0

[Event "It (open)"]
[Site "masterchessopen.com Guben (Germany)"]
[Round "5"]
[White "Hoeppner Juergen (GER)"]
[Black "Huelle Gunter (GER)"]
[Result "1-0"]
[WhiteElo "2095"]
[BlackElo "1776"]

1.d4 Nf6 2.c4 g6 3.Nc3 Bg7 4.e4 d6 5.Be2 O-O 6.Bg5 h6 7.Be3 e5 8.d5 Ne8 9.f3
f5 10.Bd3 f4 11.Bf2 c6 12.Qc2 c5 13.Nge2 a6 14.Kd2 Bd7 15.a3 a5 16.Qb3 Ra6
17.Nb5 a4 18.Qc2 Bxb5 19.cxb5 Qa5+ 20.Nc3 Ra8 21.Rhc1 Nd7 22.Ke2 Nb6 23.Na2
Nc7 24.Be1 Qa7 25.Bc4 Rfc8 26.Rd1 Nxc4 27.Qxc4 Qb6 28.Nc3 Qa7 29.Rdb1 Qa5
30.b3 axb3 31.Rxb3 b6 32.a4 Qa7 33.Rba3 Qb7 34.Kd3 Ra7 35.a5 bxa5 36.Rxa5 Rca8
{#r} 1-0

[Event "Ch Asia (team) (w)"]
[Site "masterchessopen.com Jodhpur (India)"]
[Round "9"]
[White "Hoang Thanh Trang (HUN)"]
[Black "Siti Zulaikha (MAS)"]
[Result "1-0"]
[WhiteElo "2474"]
[BlackElo "2162"]

1.d4 Nf6 2.c4 g6 3.Nc3 Bg7 4.e4 d6 5.Be2 O-O 6.Bg5 h6 7.Be3 c5 8.dxc5 Qa5
9.Bd2 Qxc5 10.Nf3 Bg4 11.Be3 Qa5 12.Nd2 Bxe2 13.Qxe2 Nfd7 14.O-O Bxc3 15.bxc3
Kh7 16.Rab1 b6 17.Nb3 Qa6 18.Qd2 h5 19.Qd5 Nc6 20.Qxc6 Ne5 21.Qb5 Qxa2 22.Bd4
Nd3 23.Nc1 Qc2 24.Nxd3 Qxd3 25.e5 Rac8 26.exd6 exd6 27.Ra1 Rc7 28.Rfe1 f5
29.h3 Rd8 30.Re3 Qd2 31.Rae1 Rdd7 32.Re8 {#r} 1-0

[Event "Memorial K.Tsiolkovsky (open)"]
[Site "masterchessopen.com Kaluga (Russia)"]
[Round "8"]
[White "Kushnir Boris (RUS)"]
[Black "Sivak Mikhail (RUS)"]
[Result "1-0"]
[WhiteElo "2074"]
[BlackElo "2102"]

1.d4 Nf6 2.c4 g6 3.Nc3 Bg7 4.e4 d6 5.Be2 O-O 6.Bg5 h6 7.Be3 e5 8.d5 Nbd7 9.h3
Nc5 10.Qc2 a5 11.g4 Bd7 12.Nf3 Qe8 13.Nd2 a4 14.f3 Qc8 15.Kf2 h5 16.Rag1 c6
17.Bg5 b5 18.dxc6 Bxc6 19.cxb5 Bb7 20.Bxf6 Bxf6 21.gxh5 Bh4+ 22.Kf1 g5 23.Rg4
Ne6 24.Qd1 Qc5 25.Rh2 Nf4 26.Nc4 Bc8 27.Qxd6 Qxd6 28.Nxd6 Nxh5 29.Nd5 Bxg4
30.hxg4 Ng3+ 31.Kg1 Rfd8 32.Nc4 Rab8 33.b6 Kf8 34.Bd3 f6 35.Rc2 Kf7 {#r} 1-0

[Event "It (a)"]
[Site "masterchessopen.com Melbourne (Australia)"]
[Round "6"]
[White "Bourmistrov Denis (AUS)"]
[Black "Rujevic Mirko (AUS)"]
[Result "0-1"]
[WhiteElo "2182"]
[BlackElo "2260"]

1.d4 Nf6 2.c4 d6 3.Nc3 g6 4.e4 Bg7 5.Be2 O-O 6.Bg5 h6 7.Be3 e5 8.d5 a5 9.g4
Ne8 10.Qd2 Kh7 11.h4 Na6 12.h5 g5 13.Nh3 Bf6 14.f3 c5 15.dxc6 bxc6 16.O-O Ng7
17.Nf2 Ne6 18.Rfd1 Nd4 19.Kg2 Nc5 20.Bd3 Kg7 21.Bf1 Nce6 22.Ne2 a4 23.Bxd4
exd4 24.c5 dxc5 25.Ng3 Nf4+ 26.Kh1 Be5 27.Nf5+ Bxf5 28.exf5 Qd5 29.Ne4 c4
30.Rac1 d3 31.Qb4 Rfb8 32.Qxc4 Rxb2 33.f6+ Kg8 34.Qxc6 Qxc6 35.Rxc6 Rxa2
36.Bxd3 Rd8 37.Bc2 Rxd1+ 38.Bxd1 Ra1 39.Rc8+ Kh7 40.Rd8 a3 {#R} 0-1

[Event "It (open)"]
[Site "masterchessopen.com Montreal (Canada)"]
[Round "4"]
[White "Ramaswany Kishor (CAN)"]
[Black "Rousseau Daniel (CAN)"]
[Result "1-0"]
[WhiteElo "2073"]
[BlackElo "2078"]

1.d4 Nf6 2.c4 g6 3.Nc3 Bg7 4.e4 d6 5.Be2 O-O 6.Bg5 h6 7.Be3 Nc6 8.f3 Re8 9.Qd2
e5 10.d5 Nd4 11.Bd1 Nh7 12.Nge2 Nxe2 13.Bxe2 f5 14.g3 h5 15.h4 Qe7 16.O-O-O a6
17.exf5 gxf5 18.Bg5 Qf7 19.g4 hxg4 20.fxg4 fxg4 21.Rdf1 Qh5 22.Ne4 b6 23.Bd3
Rf8 24.Rxf8+ Bxf8 25.Rf1 Bd7 26.Ng3 Qe8 27.h5 Be7 28.Bg6 Qd8 29.Bxh7+ Kh8
30.Bxe7 Qxe7 31.Bg6 {#r} 1-0

[Event "It (open)"]
[Site "masterchessopen.com Pardubice (Czech Republic)"]
[Round "8"]
[White "Maliszewski Jaroslaw (POL)"]
[Black "Mueller Roland (AUT)"]
[Result "0-1"]
[WhiteElo "1983"]
[BlackElo "2096"]

1.c4 Nf6 2.Nc3 g6 3.e4 d6 4.d4 Bg7 5.Be2 O-O 6.Bg5 h6 7.Be3 Nbd7 8.Qd2 Kh7
9.h3 e5 10.d5 Nc5 11.Bf3 a5 12.Nge2 Ne8 13.g4 f5 14.gxf5 gxf5 15.exf5 Bxf5
16.Bxc5 dxc5 17.Qe3 Qh4 18.Ng3 Nd6 19.b3 e4 20.Bg2 Bd4 21.Qc1 e3 22.Nxf5 Qxf2+
{#R} 0-1

[Event "Dos Hermanas Qualifier (16-A)"]
[Site "masterchessopen.com Internet"]
[Date "2003.03.16"]
[Round "6"]
[White "Polyakin Vladimir (USA)"]
[Black "Ferreira Antonio (POR)"]
[Result "0-1"]
[WhiteElo "2105"]
[BlackElo "2239"]

1.d4 Nf6 2.c4 g6 3.Nc3 Bg7 4.e4 O-O 5.Be2 d6 6.Bg5 h6 7.Be3 e5 8.d5 c6 9.Qd2
cxd5 10.cxd5 Kh7 11.h4 Nbd7 12.Nh3 Nc5 13.Qc2 Bd7 14.Bxc5 dxc5 15.Ng5+ Kg8
16.Nf3 Ne8 17.h5 g5 18.Nd2 Nd6 19.g4 Re8 20.Nf1 b5 21.Ng3 b4 22.Nd1 Qa5 23.Ne3
c4 24.O-O Rac8 25.Nxc4 Nxc4 26.Bxc4 Bxg4 27.b3 Red8 28.f3 Bh3 29.Rfd1 Qb6+
30.Kh2 g4 31.Nf5 Qf6 32.d6 Kh7 33.Kg3 Qg5 34.Qd2 Qxh5 35.Rh1 Bf6 36.Qe2 gxf3
{#R} 0-1

[Event "Ch Hessen (b)"]
[Site "masterchessopen.com Kaufbeuren (Germany)"]
[Date "2003.04.11"]
[Round "2"]
[White "Polenske Kai (GER)"]
[Black "Storkebaum Ulrike (GER)"]
[Result "1-0"]
[WhiteElo "2131"]
[BlackElo "1874"]

1.d4 Nf6 2.c4 g6 3.Nc3 Bg7 4.e4 d6 5.Be2 O-O 6.Bg5 h6 7.Be3 Nbd7 8.Qd2 Kh7
9.g4 c5 10.d5 Ne8 11.h4 Ne5 12.f3 a6 13.Nh3 Rb8 14.Nf2 b5 15.f4 Nxc4 16.Bxc4
bxc4 17.h5 gxh5 18.g5 hxg5 19.Rxh5+ Kg8 20.fxg5 e5 21.O-O-O f5 22.exf5 Bxf5
23.Nfe4 Bg4 24.Qh2 Bxd1 25.Nxd1 Qb6 26.g6 Nf6 27.Nxf6+ Rxf6 28.Rh8+ Bxh8
29.Qh7+ Kf8 30.Qxh8+ Ke7 31.Qg7+ Ke8 32.Qxf6 c3 33.Qf7+ Kd8 34.Bg5+ Kc8 35.b3
c4 36.g7 {#r} 1-0

[Event "Cup Doeberl"]
[Site "masterchessopen.com Canberra (Australia)"]
[Date "2003.04.20"]
[Round "5"]
[White "Bourmistrov Denis (AUS)"]
[Black "Oliver Gareth (AUS)"]
[Result "1-0"]
[WhiteElo "2182"]
[BlackElo "2000"]

1.d4 Nf6 2.c4 g6 3.Nc3 Bg7 4.e4 d6 5.Be2 O-O 6.Bg5 h6 7.Be3 Nbd7 8.Qd2 Kh7
9.g4 c5 10.d5 Ne5 11.f3 Ne8 12.h3 f5 13.f4 Nf7 14.exf5 gxf5 15.Bd3 Nh8 16.Nge2
Kg8 17.O-O-O fxg4 18.hxg4 Bxg4 19.Rdg1 Nf6 20.f5 h5 21.Nf4 Qd7 22.Ne6 Rf7
23.Qg2 Ne8 24.Ne2 Qa4 25.N2f4 Qxa2 26.Rxh5 Qa1+ 27.Bb1 Bf3 28.Qh2 Bxh5 29.Nxh5
Qa4 30.f6 Qxc4+ 31.Bc2 exf6 32.Nhxg7 Rxg7 33.Qh7+ Kf7 34.Rxg7+ Nxg7 35.Qxg7+
Ke8 36.Qxh8+ Ke7 37.Qg7+ {#r} 1-0

[Event "It (open)"]
[Site "masterchessopen.com Zalakaros (Hungary)"]
[Date "2003.05.16"]
[Round "1"]
[White "Horvath Csaba (HUN)"]
[Black "Papai Janos (HUN)"]
[Result "1-0"]
[WhiteElo "2565"]
[BlackElo "2118"]

1.d4 Nf6 2.c4 g6 3.Nc3 Bg7 4.e4 d6 5.Be2 O-O 6.Bg5 h6 7.Be3 Nbd7 8.Qd2 Kh7
9.f3 c6 10.g4 e5 11.d5 cxd5 12.cxd5 Ng8 13.h4 Nb6 14.h5 g5 15.Bd3 Bd7 16.Nge2
Rc8 17.b3 Qe7 18.a4 Rc7 19.a5 Nc8 20.Nb5 Bxb5 21.Bxb5 Nf6 22.Ng3 Nd7 23.O-O
Nc5 24.Rfb1 Qf6 25.Be2 Ne7 26.b4 Na6 27.Rc1 Rfc8 28.Rxc7 Rxc7 29.Kg2 Nc8
30.Nf5 Bf8 31.Bxa6 bxa6 32.Rc1 Qd8 33.Rc6 Qd7 34.Qc2 Rxc6 35.dxc6 Qe6 36.Bf2
d5 37.exd5 {#r} 1-0